Carpathia Amtliches Organ des Holzindustriellen der Landesverbandes u. Holzhändler in Slovensko

Bibliographic Details
Format: Journal
Language:German
Slovak
PhysicalDescription:16 zv. 31 cm
Published: Košice Carpathia, Landesverband der Holzidustriellen und Holzhändler in Slovensko 1919-1934
Bratislava Július Arató
Bratislava
Subjects:

MARC

LEADER 00000cas a2200000 a 4500
001 vtls010298883
003 SK-MaSNL
005 20260228162506.0
008 200401d19191934xo wr|p 0 b0ger
040 |a SNK  |b slo  |c SNK  |e AACR2 
041 0 |a ger  |a slo 
044 |a xo  |c SK 
072 7 |a 674  |x Drevo. Drevársky priemysel  |2 konspekt 
072 7 |a 630  |x Lesníctvo  |2 konspekt 
080 |a 674  |2 2001 
080 |a 050  |2 2001 
080 |a (051)-027.561  |2 2001 
080 |a 630  |2 2001 
245 0 0 |a Carpathia  |b Amtliches Organ des Holzindustriellen der Landesverbandes u. Holzhändler in Slovensko 
260 |a Košice  |b Carpathia, Landesverband der Holzidustriellen und Holzhändler in Slovensko  |c 1919-1934 
260 2 |3 24/1924-8/1933  |a Bratislava  |b Carpathia, Landesverband der Holzidustriellen und Holzhändler in Slovensko 
260 3 |3 9/1933-1934  |a Bratislava  |b Július Arató 
300 |a 16 zv.  |c 31 cm 
310 |a 1x týždenne 
362 0 |a Roč. I, č. 1 (1919)-roč. XVI, č. 32 (11.8.1934) 
500 |a Zmena podnázvu: od 5/1922 Fachzeitschrift für Forstwirtschaft, Holzindustrie, Holzhandel und Holzbearbeitungsmaschinenwesen. Amtl. Organ des Landesverbandes der Holzindustriellen u. Holzhändler in Slovensko; od 9/1933 Neodvislý odborný časopis pre lesné hospodárstvo, drevársky priemysel a obchod. - Unabhängiges Fachorgan für Forstwirtschaft, Holzindustrie und Holzhandel 
500 |a Vyd.: Carpathia Landsverband der Holzindustriellen und Holzhändler für Slovensko; od 9/1933 za vyd. zodp. Julius Arató 
500 |a Tlač. Buchdruckerei Globus, Košice; od 24/1924 Carl Angermayer, Bratislava; od 47/1924 Spolok Sv. Vojtecha, Trnava; od 1/1925 Buchdruckerei Papyrus, Bratislava; od 3/1925 Carl Angermayer, Bratislava; od 9/1925 Buchdruckerei Papyrus, Bratislava; od 31/1933 Globus, Bratislava; od 42/1933 Carl Angermayer, vorm Alois Schreiber, Bratislava 
500 |a Red.: 1919-1934, Július Arató 
650 0 7 |a drevospracujúci priemysel  |2 SNKPH  |9 1118 
650 0 7 |a lesné hospodárstvo  |2 SNKPH  |9 1256 
655 7 |a odborné časopisy  |2 SNKPH  |9 70505 
700 1 |a Arató, Julius  |4 red  |9 271237 
770 0 |t Jugoslavischer Holzwirt  |w vtls010299078 
770 0 |t Recht und Gesetz Im Holz  |w vtls010299289 
910 |a snk 
916 |a 1926-1934 
999 |c 7952  |d 9882 
952 |0 0  |1 0  |4 0  |7 0  |a SNK  |b SNK  |d 2005-11-08  |f 1  |i snk2220/33  |l 0  |o snkČSB 196/14/1932  |p 17A0490200  |r 2026-02-21 19:30:19  |t Nr. 1-53   |w 2026-02-21  |y PREZ  |z + Jug. Holzwirt č. 1 - 24 
952 |0 0  |1 0  |4 0  |7 0  |a SNK  |b SNK  |d 2005-11-02  |f 1  |i snk3584/34  |l 0  |o snkČSB 196/15/1933  |p 17A0486493  |r 2026-02-21 20:07:19  |t Nr. 1-52  |w 2026-02-21  |y PREZ 
952 |0 0  |1 0  |4 0  |7 0  |a SNK  |b SNK  |d 2010-02-23  |f 1  |l 0  |o snkČSB 196/8/1926  |p 17A0642212  |r 2026-02-21 20:22:05  |t Nr. 1-52  |w 2026-02-21  |y PREZ 
952 |0 0  |1 0  |4 0  |7 0  |8 5  |a SNK  |b SNK  |d 1998-02-16  |i snkF 430/98  |l 0  |o snkČSB 196/14/1932 D1  |p 17A0122485  |r 2005-01-02 00:00:00  |t Nr. 1-53  |w 2026-02-21  |y PREZ 
952 |0 0  |1 0  |4 0  |7 0  |8 5  |a SNK  |b SNK  |d 2014-08-26  |f 1  |i snkF 1897/70  |l 0  |o snkČSB 196/9/1927  |p 17A0712540  |r 2026-02-21 21:44:17  |t Nr. 1-52  |w 2026-02-21  |y PREZ 
952 |0 0  |1 0  |4 0  |7 0  |8 5  |a SNK  |b SNK  |d 2014-08-26  |f 1  |i snkF 1898/70  |l 0  |o snkČSB 196/10/1928  |p 17A0712541  |r 2026-02-21 21:44:17  |t Nr. 1-52  |w 2026-02-21  |y PREZ 
952 |0 0  |1 0  |4 0  |7 0  |a SNK  |b SNK  |d 2014-08-26  |f 1  |i snkF 1899/70  |l 0  |o snkČSB 196/11/1929  |p 17A0712542  |r 2026-02-21 21:44:17  |t Nr. 1-52  |w 2026-02-21  |y PREZ 
952 |0 0  |1 0  |4 0  |7 0  |a SNK  |b SNK  |d 2014-08-26  |f 1  |i snkF 1900/70  |l 0  |o snkČSB 196/12/1930  |p 17A0712543  |r 2026-02-21 21:44:17  |t Nr. 1-52  |w 2026-02-21  |y PREZ 
952 |0 0  |1 0  |4 0  |7 0  |8 5  |a SNK  |b SNK  |d 2014-08-26  |f 1  |i snkF 1901/70  |l 0  |o snkČSB 196/13/1931  |p 17A0712544  |r 2026-02-21 21:44:17  |t Nr. 1-52  |w 2026-02-21  |y PREZ 
952 |0 0  |1 0  |4 0  |7 0  |a SNK  |b SNK  |d 2014-08-26  |f 1  |i snkXI. 3260/55  |l 0  |o snkČSB 196/16/1934  |p 17A0712545  |r 2026-02-21 21:44:17  |t Nr. 1-32  |w 2026-02-21  |y PREZ